000 01155nam a2200301Ia 4500
003 OSt
005 20221007121656.0
006 a|||||r|||| 00| 0
007 ta
008 221006b |||||||| |||| 00| 0 eng d
020 _a0697142752 (hbd)
_c
_ 59.06
024 _a4217
037 _bShankar,
_cTextual
040 _aBDL
_cBDL
_beng
041 _2eng
_aeng
082 _aE9G, N5
100 _aZubay Geoffrey L
_9504549
245 0 _aPrinciples of biochemistry by Geoffrey L Zubay and others
_b Parson William W Vance Dennis E
260 _aDubuque,Iowa
_bWm C Brown Publishers
_c1995
300 _axxxii,863p+vp
_ccm.
490 _vIncludes CD-ROM disk
500 _aIncludes bibliographical references; Index I- I34p ; ^n23/CSL/Carb/95-96/3329(A)^d1996-02-26^mPurchase; ; 96-97/279^b1996-12-10^c3028^d1996-02-27^eShankar's Books Agency Pvt Ltd; ; 1996-12-18^bSB^c1996-12-18^r1997-01-29
650 _aBiochemistry
700 _a Parson William W
_9712711
700 _a Vance Dennis E
_9712712
942 _hE9G, N5
_cTEXL
_2CC
999 _c1209163
_d1209163